The Magnus Archives - The Eye's Summoning - Statistics

General Stats
  • This quiz has been taken 88 times
  • The average score is 39 of 94
Answer Stats
Groups Answer % Correct
First Part You
78%
First Part who
78%
First Part and
70%
First Part watch
70%
First Part and
67%
Fourth Part door.
63%
Fourth Part I
63%
Fourth Part open
63%
Fourth Part the
63%
First Part know
56%
First Part who
52%
First Part You
52%
First Part and
48%
First Part and
48%
First Part and
48%
Third Part and
48%
First Part understand
48%
First Part and
44%
Third Part and
44%
Third Part and
44%
Third Part and
44%
Third Part and
44%
Third Part and
44%
Third Part and
44%
Third Part and
44%
Third Part and
44%
Third Part and
44%
Third Part and
44%
Third Part and
44%
Third Part and
44%
First Part none.
44%
First Part who
44%
First Part You
44%
Third Part bleeds
41%
Second Part Come
41%
First Part comprehend.
41%
Third Part dies.
41%
First Part hear
41%
Second Part in
41%
First Part listen
41%
First Part not
41%
Second Part to
41%
Second Part us
41%
First Part will
41%
Third Part and
37%
Third Part blinds
37%
Third Part burns
37%
Third Part chokes
37%
Fourth Part Come
37%
Third Part crawls
37%
Third Part falls
37%
Third Part hides
37%
Third Part hunts
37%
First Part that
37%
Third Part that
37%
Fourth Part to
37%
Third Part twists
37%
Fourth Part us.
37%
Third Part weaves
37%
Second Part wholeness.
37%
Second Part your
37%
First Part all
33%
Third Part all
33%
Third Part all
33%
Third Part Bring
33%
First Part by
33%
Second Part Come
33%
First Part drink
33%
Third Part fear
33%
Second Part in
33%
First Part is
33%
Third Part is
33%
Third Part is
33%
Third Part leaves
33%
First Part not
33%
Second Part perfection.
33%
First Part right.
33%
Third Part rips
33%
Third Part that
33%
Second Part to
33%
Second Part us
33%
First Part wait
33%
First Part wait
33%
Second Part your
33%
First Part yours
33%
Third Part all
30%
Third Part awful
30%
Third Part dread
30%
First Part in
30%
Third Part is
30%
Third Part terror
30%
Third Part that
30%
Third Part that
30%
Third Part the
30%
No matching quizzes found
Score Distribution
Percent of People with Each Score
Percentile by Number Answered
Your Score History
You have not taken this quiz